Derbys du football Français - Statistiques

Statistiques générales
  • Ce quiz a été pris 225 fois
  • Le résultat moyen est 18 sur 20
Statistiques - réponses
Nom Equipe % Correct
Derby du Nord Lille OSC
100%
Derby du Sud Olympique de Marseille
99%
Derby rhônalpin Olympique Lyonnais
99%
Derby de la Côte d'Azur OGC Nice
98%
Derby de la Méditerranée OGC Nice
98%
Derby du Sud OGC Nice
98%
Derby du Nord RC Lens
98%
Derby Corse AC Ajaccio
97%
Derby cCorse SC Bastia
96%
Derby de la Méditerranée SC Bastia
96%
Derby de la Côte d'Azur AS Monaco
95%
Derby rhônalpin AS Saint-Étienne
95%
Derby de la Garonne Girondins de Bordeaux
95%
Derby de l’Atlantique Girondins de Bordeaux
95%
Derby de la Garonne Toulouse FC
93%
Derby de l’Atlantique FC Nantes
91%
Derby du Languedoc Montpellier HSC
82%
Derby des Alpes Grenoble Foot 38
81%
Derby des Alpes FC Annecy
67%
Derby du Languedoc Nîmes Olympique
64%
Aucun quiz correspondant
Distribution des résultats
% des personnes avec chaque résultat
Percentile par nombre de réponses
Votre historique - résultats
Vous n’avez pas pris ce quiz